| 000 | 00402nam a2200157Ia 4500 | ||
|---|---|---|---|
| 008 | 220204s9999 xx 000 0 und d | ||
| 082 |
_a581.2 _bANU |
||
| 100 | _aANUPAM VARMA | ||
| 245 | 0 | _aVistas in plant pathology. | |
| 260 |
_aNew Delhi _bMalhotra _c1986 |
||
| 650 | _aEmbryo culture | ||
| 650 | _aPlant bacterial disease | ||
| 650 | _aPlant pathology | ||
| 700 | _aJEEVAN P VERMA | ||
| 942 | _cBK | ||
| 999 |
_c39166 _d39166 |
||